=LDR 00000nam 2200000 4500 =001 INLIS000000000035150 =005 20150319131604.0 =006 =007 =008 Ind =035 ##$$0010-061300000035150 =041 ##$$a Ind =082 ##$$a 658.151 =090 ##$$a 658.151, Cha i =100 ##$$a Chadwick, Leslif =245 ##$$a Intisari akuntansi manajemen, Leslif Chadwick =260 ##$$a 1990 $b Bandung =300 ##$$a x, 186 hlm, ilus, 22 cm =650 ##$$a Akuntansi - Manajemen =850 ##$$a NBPNMAT